01377nam a2200337Ia 450000500170000000800410001702000180005808200150007610000240009124501490011525000340026430000300029849000220032850000630035050500650041360000660047865000320054465000300057665000360060665000230064270000390066570000250070494200120072926400290074133600270077033700330079733800280083004000350085899900150089395201310090820220317001533.0161108s2016 sp g 000 0 s  a978843446955604a109bC66h21 aCopleston, Federick10aHistoria de la filosofía, 3bde la filosofía kantianan al idealismocFrederick Copleston ; traducción de Manuel Sacristán y Ana Domenech a1a. edición, 3a impresión a369, 359 páginasc22 cm aAriel filosofía aIncluye bibliografía, apéndice e índice onomástico aTomo 6 : De Wolff a Kant -- Tomo. 7 : De Fichte a Nietzsche.14aKant, Emmanueld1724-1804vCritica e interpretación 975209142LEMBaFilosofíavHistoria142LEMBaFilosofía moderna142LEMBaExistencialismovHistoria142LEMBaMetafísica1 aSacristán Luzón, Manuel9752121 aDomenech, Ana975213 2ddccBK aBarcelonabArielc[2016] atextobtxt2rdacontent asin mediaciónbn2rdamedia avolumenbnc2rdacarrier aCO-BoRNBPbspaerdacCO-BoRNBP c7278d7278 00102ddc40708GENaMECASARIbMECASARIcGENd2024-11-10l0o109 - C66HpBM0001056r2024-11-10 17:58:23tEj.1w2024-11-10yBK